000 00357pam a2200157 a 4500
020 _c
041 _h
082 _a641.5
100 _aPUNJABI C.
_eAuthor
245 _a50 GRATEAT CURRIES OF INDIA.
_cPUNJABI C.
_hTextual Documents
260 _aBombay
_bRupa & Co
300 _a192
653 _afood Producation
700 _eCo-Author
930 _a56
999 _c227457
_d227457